MARC details
| 000 -LEADER |
| fixed length control field |
02320nam a2200313 a 4500 |
| 008 - FIXED-LENGTH DATA ELEMENTS--GENERAL INFORMATION |
| fixed length control field |
120416s1980 ||||||||||||||||| || u |
| 020 ## - INTERNATIONAL STANDARD BOOK NUMBER |
| International Standard Book Number |
0201000970 |
| 050 ## - LIBRARY OF CONGRESS CALL NUMBER |
| Classification number |
HF 5635 Bel |
| 100 ## - MAIN ENTRY--PERSONAL NAME |
| Personal name |
Riahi-Belkaoui, Ahmed, 1943- |
| 245 10 - TITLE STATEMENT |
| Title |
Conceptual foundations of management accounting |
| 260 ## - PUBLICATION, DISTRIBUTION, ETC. |
| Place of publication, distribution, etc. |
Reading, Mass: |
| Name of publisher, distributor, etc. |
Addison-Wesley |
| Date of publication, distribution, etc. |
1980 |
| 300 ## - PHYSICAL DESCRIPTION |
| Extent |
xii, 120p.: ill |
| 350 ## - |
| -- |
0.00 |
| 490 ## - |
| -- |
Addison-Wesley Paperback series in accounting |
| 500 ## - GENERAL NOTE |
| General note |
Includes bibliographies and index. |
| 650 #0 - SUBJECT ADDED ENTRY--TOPICAL TERM |
| Topical term or geographic name entry element |
MANAGERIAL ACCOUNTING |
| 700 ## - ADDED ENTRY--PERSONAL NAME |
| Personal name |
Belkaovi, Ahmed, 1943- |
| 995 ## - |
| -- |
ANNEX COLLECTION (Main Library) |
| -- |
0.00 |
| -- |
006240 |
| -- |
CBU-MAIN LIBRARY (Kitwe) |
| -- |
4 |
| -- |
7.60 |
| -- |
HF 5635 Bel |
| -- |
3 |
| -- |
AVAILABLE |
| -- |
006240 |
| -- |
Annex Low-Usage Collection |
| 995 ## - |
| -- |
TEXTBOOKS (SB) |
| -- |
0.00 |
| -- |
1964 |
| -- |
CBU-SCHOOL TEXTBOOK COLLECTIONS |
| -- |
1 |
| -- |
0.00 |
| -- |
SCHOOL TEXTBOOK |
| -- |
10 |
| -- |
AVAILABLE |
| -- |
Sep 18, 2009 |
| -- |
1964 |
| -- |
School Collections |
| 995 ## - |
| -- |
ANNEX COLLECTION (Main Library) |
| -- |
0.00 |
| -- |
006239 |
| -- |
CBU-MAIN LIBRARY (Kitwe) |
| -- |
8 |
| -- |
7.60 |
| -- |
HF 5635 Bel |
| -- |
2 |
| -- |
AVAILABLE |
| -- |
006239 |
| -- |
Annex Low-Usage Collection |
| 995 ## - |
| -- |
TEXTBOOKS (SB) |
| -- |
0.00 |
| -- |
1967 |
| -- |
CBU-SCHOOL TEXTBOOK COLLECTIONS |
| -- |
1 |
| -- |
0.00 |
| -- |
SCHOOL TEXTBOOK |
| -- |
13 |
| -- |
AVAILABLE |
| -- |
Sep 18, 2009 |
| -- |
1967 |
| -- |
School Collections |
| 995 ## - |
| -- |
TEXTBOOKS (SB) |
| -- |
0.00 |
| -- |
1965 |
| -- |
CBU-SCHOOL TEXTBOOK COLLECTIONS |
| -- |
1 |
| -- |
0.00 |
| -- |
SCHOOL TEXTBOOK |
| -- |
11 |
| -- |
AVAILABLE |
| -- |
Sep 18, 2009 |
| -- |
1965 |
| -- |
School Collections |
| 995 ## - |
| -- |
ANNEX COLLECTION (Main Library) |
| -- |
0.00 |
| -- |
006241 |
| -- |
CBU-MAIN LIBRARY (Kitwe) |
| -- |
7 |
| -- |
7.60 |
| -- |
HF 5635 Bel |
| -- |
4 |
| -- |
AVAILABLE |
| -- |
006241 |
| -- |
Annex Low-Usage Collection |
| 995 ## - |
| -- |
TEXTBOOKS (SB) |
| -- |
0.00 |
| -- |
1963 |
| -- |
CBU-SCHOOL TEXTBOOK COLLECTIONS |
| -- |
1 |
| -- |
0.00 |
| -- |
SCHOOL TEXTBOOK |
| -- |
9 |
| -- |
AVAILABLE |
| -- |
Sep 18, 2009 |
| -- |
1963 |
| -- |
School Collections |
| 995 ## - |
| -- |
MAIN LIBRARY OPEN ACCESS |
| -- |
0.00 |
| -- |
006242 |
| -- |
CBU-MAIN LIBRARY (Kitwe) |
| -- |
2 |
| -- |
7.60 |
| -- |
HF 5635 Bel |
| -- |
5 |
| -- |
AVAILABLE |
| -- |
006242 |
| -- |
Main Library Open Access Collection |
| 995 ## - |
| -- |
TEXTBOOKS (SB) |
| -- |
0.00 |
| -- |
1966 |
| -- |
CBU-SCHOOL TEXTBOOK COLLECTIONS |
| -- |
1 |
| -- |
0.00 |
| -- |
SCHOOL TEXTBOOK |
| -- |
12 |
| -- |
AVAILABLE |
| -- |
Sep 18, 2009 |
| -- |
1966 |
| -- |
School Collections |
| 995 ## - |
| -- |
ANNEX COLLECTION (Main Library) |
| -- |
0.00 |
| -- |
006243 |
| -- |
CBU-MAIN LIBRARY (Kitwe) |
| -- |
3 |
| -- |
7.60 |
| -- |
HF 5635 Bel |
| -- |
6 |
| -- |
AVAILABLE |
| -- |
006243 |
| -- |
Annex Low-Usage Collection |
| 995 ## - |
| -- |
MAIN LIBRARY OPEN ACCESS |
| -- |
0.00 |
| -- |
006238 |
| -- |
CBU-MAIN LIBRARY (Kitwe) |
| -- |
5 |
| -- |
7.60 |
| -- |
HF 5635 Bel |
| -- |
1 |
| -- |
AVAILABLE |
| -- |
006238 |
| -- |
Main Library Open Access Collection |
| 999 ## - |
| -- |
79715 |
| -- |
79715 |